Sinh học và sinh thái của các loài thú móng guốc ở Việt Nam

Shranjeno v:
Bibliografske podrobnosti
Glavni avtor: Đặng Huy Huỳnh
Format: Knjiga
Jezik:Undetermined
Izdano: Hà Nội KHKT 1986
Teme:
Oznake: Označite
Brez oznak, prvi označite!
Thư viện lưu trữ: Trung tâm Học liệu Trường Đại học Cần Thơ
LEADER 00560nam a2200181Ia 4500
001 CTU_9364
008 210402s9999 xx 000 0 und d
082 |a 599.735 
082 |b H531 
100 |a Đặng Huy Huỳnh 
245 0 |a Sinh học và sinh thái của các loài thú móng guốc ở Việt Nam 
245 0 |c Đặng Huy Huỳnh 
260 |a Hà Nội 
260 |b KHKT 
260 |c 1986 
650 |a animal ecology,carnivora,ruminantia 
904 |i Minh, 960927 
980 |a Trung tâm Học liệu Trường Đại học Cần Thơ